000 00260nam a22001217a 4500
082 _a823
_bSCH/H
100 _aSCHMID, C
245 _aHUNDRED STORIES
260 _aMUMBAI
_bBETTER YOURSELF
_c2001
300 _a136
650 _aENGLISH STORY
_zINDIA
942 _cBK
999 _c7332
_d7332